Quantitative aptitude for competitive examinations (Record no. 180154)
[ view plain ]
| 000 -LEADER | |
|---|---|
| fixed length control field | 00427nam a2200157Ia 4500 |
| 005 - DATE AND TIME OF LATEST TRANSACTION | |
| control field | 20250313094409.0 |
| 008 - FIXED-LENGTH DATA ELEMENTS--GENERAL INFORMATION | |
| fixed length control field | 231217s9999 xx 000 0 und d |
| 020 ## - INTERNATIONAL STANDARD BOOK NUMBER | |
| International Standard Book Number | 9788121906226 |
| 082 ## - DEWEY DECIMAL CLASSIFICATION NUMBER | |
| Classification number | 153.9 AGG;13 |
| 100 ## - MAIN ENTRY--PERSONAL NAME | |
| Personal name | Aggarwal, R S. |
| 245 #0 - TITLE STATEMENT | |
| Title | Quantitative aptitude for competitive examinations |
| 260 ## - PUBLICATION, DISTRIBUTION, ETC. (IMPRINT) | |
| Date of publication, distribution, etc. | 2002 |
| Name of publisher, distributor, etc. | S Chand |
| Place of publication, distribution, etc. | New Delhi |
| 300 ## - PHYSICAL DESCRIPTION | |
| Extent | 582 |
| 650 ## - SUBJECT ADDED ENTRY--TOPICAL TERM | |
| Topical term or geographic name as entry element | Quantitative,aptitude,competitive |
| 942 ## - ADDED ENTRY ELEMENTS (KOHA) | |
| Koha item type | Books |
| Date last seen | Total Checkouts | Full call number | Accession number | Old discount | Price effective from | Category | Lost status | Damaged status | Department | Withdrawn status | bill date | Permanent Location | Current Location | Shelving location | Entry date | Vendor | Grants | Currency symbol | Conversion rate | Discount | Discount type |
|---|---|---|---|---|---|---|---|---|---|---|---|---|---|---|---|---|---|---|---|---|---|
| 26/01/2024 | 153.9 AGG;13 | 47900 | 26/01/2024 | Books | Information Science | 20/02/2009 | Central Library | Central Library | Information Science | 07/01/2008 | Publisher | DONATED | RS | 1 | Rupees |
